000 00657nam a22001697a 4500
008 160209b xxu||||| |||| 00| 0 eng d
020 _a9789715742108
082 _22013
_aDFil 371.33
_bG22e
100 _92729
_aGatmaitan-Borjal, Wilhelmina
245 _aEducational technology 1:
_bAn introduction to the principles, theories and techno-pedagogical skills in education/
_cWilhelmina Gatmaitan-Borjal
260 _aMakati City:
_bKatha Publishing Co.,Inc.,
_cc2013.
300 _a145 pages:
_billustration;
_c25.5 cm.
500 _aIncludes bibliographical references.
650 0 _92730
_aEducational technology.
365 _b240.00
_cPhp
942 _2ddc
_cDFIL
999 _c1025
_d1025